| 000 | 01182nam0a22002411 4500 | ||
|---|---|---|---|
| 001 | rc\2611235 | ||
| 005 | 20260407022629.0 | ||
| 035 | _a(NLR Aleph) 006775103 | ||
| 090 |
_a5985373 _c5985373 |
||
| 100 | _a20110914d1930 |||y0rusy50 ca | ||
| 101 | 0 | _arus | |
| 102 | _aRU | ||
| 105 | _ay z ||||| | ||
| 200 | 1 |
_aВременное руководство береговым Черноморско-Азовским гидро-метеорологическим станциям для составления метеорологических депеш по новому Международному метеорологическому коду 1929 года _fГидро-метеорологич. ин-т Черного и Азовск. морей |
|
| 210 |
_aФеодосия _cтип. Гимеина Черназморей _d1930 |
||
| 215 |
_a14 с. _d30х21 см. |
||
| 710 | 0 | 2 |
_aГидрометеорологический инcтитут Черного и Азовского морей _cФеодосия _9513471 _3RU\NLR\AUTH\8810007884 |
| 801 | 0 |
_aRU _bNLR _gpsbo |
|
| 801 | 1 |
_aRU _bELAR _2rusmarc |
|
| 852 |
_aNLR _j30.13/390 |
||
| 942 | _cBOOK | ||
| 980 | _aNB | ||